Estudio para la ciudadanía en el Caribe : (Registro nro. 14285)

Detalles MARC
000 -LIDER
fixed length control field 02725nam a2200325 a 4500
001 - NÚMERO DE CONTROL
Identificador de número de control
003 - IDENTIFICACDOR DE NÚMERO DE CONTROL
control field DO-SdBNP
005 - DATE AND TIME OF LATEST TRANSACTION
control field 20220930084823.0
008 - ELEMENTOS DE LONGITUD FIJA
fixed length control field 090827s2005 dr 001 0 spa d
020 ## - ISBN
International Standard Book Number 9993423920
040 ## - FUENTE DE CATALOGACIÓN
Agencia que crea de manera original el registro DO-SdBNP
Idioma de catalogación spa
Agencia que realiza la transcripción BPMSU
041 17 - CÓDIGOS DE OBRAS TRADUCIDAS O EN VARIOS IDIOMAS
Código del idioma del texto/archivo de sonido o separata spa
Cód. del idioma original y/o traducciones intermedias del texto eng
082 #4 - NÚMERO DE CLASIFICACIÓN DECIMAL DE DEWEY
Classification number 370.98
Item number V162e 2005
Edition number 22
100 1# - ASIENTO PRINCIPAL -- NOMBRE PERSONAL
Nombre personal Valera Acosta, Cheila
245 10 - MENCIÓN DE TITULO
Título Estudio para la ciudadanía en el Caribe :
Subtítulo estudio sobre política curricular y de formación docente en Cuba, Haití y República Dominicana = Education for citizenship in The Caribbean : a study on curricular policy and teacher training in Cuba, Haiti and Dominican Republic /
Mención de responsabilidad Cheila Valera Acosta
Enlace
246 13 - VARIACION DEL TÍTULO
Título propiamente dicho o título corto Education for citizenship in The Caribbean : a study on curricular policy and teacher training in Cuba, Haiti and Dominican Republic
246 13 - VARIACION DEL TÍTULO
Título propiamente dicho o título corto Estudio para la ciudadanía en el Caribe
260 ## - PUBLICACIÓN, DISTRIBUCIÓN, ETC. (PIE DE IMPRENTA)
Lugar de publicación, distribución, etc Santo Domingo :
Nombre del editor, distribuidor, etc. Oficina Internacional de Educación,
Fecha de publicación, distribución, etc 2005.
300 ## - DESCRIPCIÓN FÍSICA
Extensión 85, 77 p. ;
Dimensiones 23 cm.
505 0# - NOTA DE CONTENIDO
Texto normalizado de contenido Presentación 7 -- Resumen ejecutivo 9 -- ASPECTOS METODOLOGICOS 13 -- CONTEXTO Y REVISION DE LA LITERATURA 15 -- Contexto 15 -- Revisión de la literatura 19 -- Breve descripción de los sistemas educativos 24 -- DESCRIPCION DE LAS POLITICAS EDUCATIVAS RELACIONADAS CON LA EDUCACION PARA LA CIUDADANIA 29 -- Bases legales 29 -- Políticas curriculares 30 -- Políticas curriculares en Cuba 30 -- Políticas curriculares en Haití 36 -- Políticas curriculares en la República Dominicana 46 -- Formación docente relacionada con la educación para la ciudadanía 51 -- Formación docente en Cuba 51 -- Formación docente en Haití 52 -- Formación docente en la República Dominicana 55 -- MEDIDAS GUBERNAMENTALES PARA APOYAR LAS POLITICAS 59 -- Disposiciones del gobierno de Cuba 59 -- Disposiciones del gobierno de Haití 60 -- Disposiciones del gobierno de República Dominicana 62 -- VISION DE LOS ACTORES INVOLUCRADOS 69 -- CONCLUSIONES Y RECOMENDACIONES 77 -- Conclusiones 77 -- Recomendaciones para mejorar la formación docente en lo relacionado con la educación para la ciudadanía 78 -- BIBLIOGRAFIA 83 -- Bibliografía de Cuba 83 -- Bibliografía de Haití 84 -- Bibliografía de la República Dominicana 85
563 ## - INFORMACIÓN DE LA ENCUADERNACIÓN
Nota de la encuadernación Dos obras encuadernadas juntas con paginación continua
590 ## - NOTA LOCAL
Enlace Inventariado, 2022/VM
650 #4 - ENCABEZAMIENTO DE MATERIA--TEMÁTICO
Término temático o nombre geográfico como elemento de entrada Educación
Subdivisión geográfica Caribe (Región)
650 #4 - ENCABEZAMIENTO DE MATERIA--TEMÁTICO
Término temático o nombre geográfico como elemento de entrada Política educativa
Subdivisión geográfica Caribe (Región, República Dominicana)
650 #4 - ENCABEZAMIENTO DE MATERIA--TEMÁTICO
Término temático o nombre geográfico como elemento de entrada Educación
Subdivisión temática general Aspectos demográficos
Subdivisión geográfica Caribe (Región, República Dominicana)
651 #4 - ENCABEZAMIENTO DE MATERIA--NOMBRE GEOGRÁFICO
Nombre geográfico Caribe (Región)
Subdivisión temática general Condiciones sociales
710 2# - ASIENTO SECUNDARIO -- NOMBRE CORPORATIVO
Nombre corporativo o de jurisdicción Falcutad Latinoamericana de Ciencias Sociales (Flasco)
910 ## - VALIDACIÓN
Validación VMateo V. /Validado
942 ## - ADDED ENTRY ELEMENTS (KOHA)
Source of classification or shelving scheme Dewey Decimal Classification
Koha item type Libros
Existencias
Withdrawn status Lost status Source of classification or shelving scheme Damaged status Not for loan Collection code Home library Current library Date acquired Source of acquisition Full call number Barcode Date last seen Price effective from Koha item type Copy number Total Checkouts
    Dewey Decimal Classification     Colección Dominicana Biblioteca Pública Metropolitana Salomé Ureña Biblioteca Pública Metropolitana Salomé Ureña 09/30/2022 FLASCSO BPMSU CD 370.98 V162e 2005 BPMSU22090047 09/30/2022 09/30/2022 Libros    
    Dewey Decimal Classification     Colección Dominicana Biblioteca Pública Metropolitana Salomé Ureña Biblioteca Pública Metropolitana Salomé Ureña 09/30/2022 FLASCSO BPMSU CD 370.98 V162e 2005 BPMSU22090048 09/30/2022 09/30/2022 Libros e.2  
    Dewey Decimal Classification     Colección Dominicana Biblioteca Pública Metropolitana Salomé Ureña Biblioteca Pública Metropolitana Salomé Ureña 09/30/2022 FLASCSO BPMSU CD 370.98 V162e 2005 BPMSU22090049 09/30/2022 09/30/2022 Libros e.3